Language: (Record no. 29150)

000 -LEADER
fixed length control field 00319nam a22001097a 4500
008 - FIXED-LENGTH DATA ELEMENTS--GENERAL INFORMATION
fixed length control field 221101b |||||||| |||| 00| 0 eng d
020 ## - INTERNATIONAL STANDARD BOOK NUMBER
International Standard Book Number 9780495912149
050 ## - LIBRARY OF CONGRESS CALL NUMBER
Classification number P .106 .F56 2012
245 ## - TITLE STATEMENT
Title Language:
Remainder of title its structure and use/
300 ## - PHYSICAL DESCRIPTION
Extent 564P.
Dimensions 24cm
942 ## - ADDED ENTRY ELEMENTS (KOHA)
Source of classification or shelving scheme
Koha item type Hard Covered Materials
Classification part P .106 .F56 2012
Holdings
Withdrawn status Lost status Source of classification or shelving scheme Damaged status Not for loan Home library Current library Shelving location Date acquired Source of acquisition Cost, normal purchase price Total Checkouts Full call number Barcode Date last seen Date last checked out Price effective from Koha item type
          MACHAKOS UNIVERSITY LIBRARY MACHAKOS UNIVERSITY LIBRARY Open shelf 09/11/2017 purchase (KU) 3.00 8 P 106 .F56 2012 37089 07/11/2022 01/11/2022 09/11/2017 Hard Covered Materials
          MACHAKOS UNIVERSITY LIBRARY MACHAKOS UNIVERSITY LIBRARY Open shelf 24/11/2017 Purchase (UON) 3870.00 7 P 106 .F56 2012 37109 27/10/2023 14/10/2023 24/11/2017 Hard Covered Materials
© Machakos University Library, Along The Highway, Machakos Wote Rd, Machakos, Kenya P.O. Box 136 - 90100 Machakos - Kenya

Tel: ( +254 ) 723 805829 OR Fax : 044-20353 OR Email: library@mksu.ac.ke